| 000 | 00564nam a2200241Ia 4500 | ||
|---|---|---|---|
| 003 | OSt | ||
| 005 | 20221007082213.0 | ||
| 006 | a|||||r|||| 00| 0 | ||
| 007 | ta | ||
| 008 | 221006b |||||||| |||| 00| 0 eng d | ||
| 024 | _a24,086 | ||
| 037 | _cTextual | ||
| 040 |
_aFLL _cFLL _beng |
||
| 041 |
_2eng _aeng |
||
| 082 | _aZ1:C265, H0 | ||
| 100 |
_aColombos _9698903 |
||
| 245 | 0 | _aLaw of prize | |
| 250 | _a2nd | ||
| 260 | _c1940 | ||
| 300 |
_axiii,15-387p _ccm. |
||
| 942 |
_hZ1:C265, H0 _cTEXL _2CC |
||
| 999 |
_c1165657 _d1165657 |
||